000 00695nam a2200229Ii 4500
003 JO-AjNU
008 230605s9999||||xx |||||||||||||| ||und||
017 _a1981/3862
020 _a977-7335-30-X
040 _aJO-AjNU
_bara
_erda
_cJO-AjNU
041 _aara
050 1 4 _aPN6519.A7.A2 1981
100 3 _aصقر، عبد البديع,
_eauthor
_98730
245 0 0 _aالوصايا الخالدة
250 _aط4
264 3 1 _aالقاهرة: مكتبة وهبة، 1981
300 _a191ص
336 _atext
_btxt
_2rdacontent
337 _aunmediated
_bn
_2rdamedia
338 _avolume
_bnc
_2rdacarrier
650 4 _a الوعظ والإرشاد - الدعوة الإسلامية
_98731
999 _aA938
_c4506
_d4506